000
00311nam a22001457a 4500
008
210312b ||||| |||| 00| 0 eng d
020
_a
9780321336347
041
_a
eng
080
_2
5th
_a
34
082
_2
5th
_a
34
100
_a
13
101
_a
JUR
245
_a
Law & Economics
_c
Cooter,R
942
_2
udc
_c
BK
999
_c
56570
_d
56570